FINANZAS PRACTICAS PARA PAISES EN DESARROLLO : (Registro nro. 6328)
[ vista simple ]
| 000 -LEADER | |
|---|---|
| fixed length control field | 00603nam a2200181 a 4500 |
| 001 - CONTROL NUMBER | |
| control field | 6328 |
| 005 - DATE AND TIME OF LATEST TRANSACTION | |
| control field | 20180713190159.0 |
| 008 - FIXED-LENGTH DATA ELEMENTS--GENERAL INFORMATION | |
| fixed length control field | 140415s1992 ck 000 0 spa d |
| 041 ## - LANGUAGE CODE | |
| Language code of text/sound track or separate title | spa |
| 082 ## - DEWEY DECIMAL CLASSIFICATION NUMBER | |
| Classification number | 332.41 |
| Item number | GUT |
| 100 1# - MAIN ENTRY--PERSONAL NAME | |
| Personal name | GUTIERREZ MARULANDA, LUIS FERNANDO |
| 245 10 - TITLE STATEMENT | |
| Title | FINANZAS PRACTICAS PARA PAISES EN DESARROLLO : |
| Remainder of title | CON ENFASIS EN FLUJOS DE FONDOS, USO DE CALCULADORAS |
| 250 ## - EDITION STATEMENT | |
| Edition statement | 1a ed. |
| 260 ## - PUBLICATION, DISTRIBUTION, ETC. | |
| Place of publication, distribution, etc. | COLOMBIA : |
| Name of publisher, distributor, etc. | NORMA, |
| Date of publication, distribution, etc. | 1992 |
| 300 ## - PHYSICAL DESCRIPTION | |
| Extent | 354 |
| 650 14 - SUBJECT ADDED ENTRY--TOPICAL TERM | |
| Topical term or geographic name entry element | FINANZAS INTERNACIONALES |
| General subdivision | FINANZAS |
| -- | PAISES EN DESARROLLO |
| -- | INFLACION |
| 700 1# - ADDED ENTRY--PERSONAL NAME | |
| Personal name | SALLENAVE, JEAN-PAUL |
| Relator term | pról. |
| Withdrawn status | Lost status | Source of classification or shelving scheme | Damaged status | Not for loan | Collection code | Home library | Current library | Shelving location | Date acquired | Source of acquisition | Inventory number | Total Checkouts | Full call number | Barcode | Date last seen | Price effective from | Koha item type |
|---|---|---|---|---|---|---|---|---|---|---|---|---|---|---|---|---|---|
| Dewey Decimal Classification | General | Biblioteca Karol Wojtyla | Biblioteca Karol Wojtyla | Sala general | 03/12/2013 | Compra | 151000000000000000049291 | 332.41 GUT | 18784 | 05/01/2026 | 03/12/2013 | Libro |